Σχέδιο και αγορά στις σοσιαλιστικές οικονομίες

Αποθηκεύτηκε σε:
Λεπτομέρειες βιβλιογραφικής εγγραφής
Κύριος συγγραφέας: Σταμάτης, Γιώργος
Μορφή: Βιβλίο
Γλώσσα:Greek
Δημοσίευση: Αθήνα : Κριτική, c1988
Σειρά:Κριτική σκέψη
Θέματα:
Ετικέτες: Προσθήκη ετικέτας
Δεν υπάρχουν, Καταχωρήστε ετικέτα πρώτοι!

MARC

LEADER 00000nam a2200000 i 4500
001 1/46965
008 960307s1988 gre d
020 |a 960-218-095-1 
035 |l 10026415 
040 |a GR-MY-UA  |b gre  |e aacr 
041 0 |a gre 
082 0 |a 335.4 
100 1 |a Σταμάτης, Γιώργος. 
245 1 0 |a Σχέδιο και αγορά στις σοσιαλιστικές οικονομίες /  |c Γιώργος Σταμάτης 
260 |a Αθήνα :   |b Κριτική,   |c c1988 
300 |a 136 σ. 
490 1 |a Κριτική σκέψη 
504 |a Περιέχει βιβλιογραφία 
650 0 0 |a Marxian economics. 
830 0 |a Κριτική σκέψη 
852 |a INST  |b CHIOS  |e 19960307  |h 335.4 ΣΤΑ  |p 005200003017  |q 005200003017  |t BK  |y 0 
852 |a INST  |b LESVOS  |e 19980512  |h 335.4 ΣΤΑ  |p 005100014049  |q 005100014049  |t BK  |y 0 
901 |a BIBL-1998-2 
909 |a Χ  |b 022553 
909 |a Λ  |b 056003 
922 |a 2ΕΛΗ  |b 199201  |c ΜΠΑΜΠΑΝΑΣΗΣ 
922 |a 1ΕΛΗ  |b 199804  |c ΚΠΣ/ΤΚ  |d EMVASIS 
950 |a 103-1998-02-03